Business ethics and corporate social responsibility / (Record no. 23502)
[ view plain ]
| 000 -LEADER | |
|---|---|
| fixed length control field | 00737nam a2200253 a 4500 |
| 005 - DATE AND TIME OF LATEST TRANSACTION | |
| control field | 20140310183453.0 |
| 008 - FIXED-LENGTH DATA ELEMENTS--GENERAL INFORMATION | |
| fixed length control field | 090723s19uu xx 00 eng d |
| 020 ## - INTERNATIONAL STANDARD BOOK NUMBER | |
| International Standard Book Number | 9789712719622 |
| 020 ## - INTERNATIONAL STANDARD BOOK NUMBER | |
| International Standard Book Number | 9789712719868 |
| 050 ## - LIBRARY OF CONGRESS CALL NUMBER | |
| Classification number | HF 5387.5.P6 |
| Item number | .M39 2007 |
| 100 ## - MAIN ENTRY--PERSONAL NAME | |
| Personal name | Maximiano, Jose Mario B. |
| 245 ## - TITLE STATEMENT | |
| Title | Business ethics and corporate social responsibility / |
| Statement of responsibility, etc | Jose Mario B. Maximiano |
| 260 ## - PUBLICATION, DISTRIBUTION, ETC. (IMPRINT) | |
| Place of publication, distribution, etc | Pasig City, Philippines : |
| Name of publisher, distributor, etc | Anvil Publishing, |
| Date of publication, distribution, etc | 2007. |
| 300 ## - PHYSICAL DESCRIPTION | |
| Extent | 232 p. : |
| Dimensions | 22 cm. |
| 521 ## - TARGET AUDIENCE NOTE | |
| Target audience note | |
| 650 ## - SUBJECT ADDED ENTRY--TOPICAL TERM | |
| Topical term or geographic name as entry element | Social responsibility. |
| 650 ## - SUBJECT ADDED ENTRY--TOPICAL TERM | |
| Topical term or geographic name as entry element | Business ethics. |
| 650 ## - SUBJECT ADDED ENTRY--TOPICAL TERM | |
| Topical term or geographic name as entry element | Corporate social responsibility. |
| 942 ## - ADDED ENTRY ELEMENTS (KOHA) | |
| Koha item type | Books |
| Source of classification or shelving scheme | Library of Congress Classification |
| Call number prefix | Local |
| Withdrawn status | Lost status | Source of classification or shelving scheme | Damaged status | Home library | Current library | Shelving location | Date acquired | Source of acquisition | Total Checkouts | Full call number | Barcode | Date last seen | Copy number | Price effective from | Koha item type | Total Renewals | Date checked out |
|---|---|---|---|---|---|---|---|---|---|---|---|---|---|---|---|---|---|
| Library of Congress Classification | Archives | Archives | 03/08/2010 | Donation | HF 5387.5.P6 .M39 2007 | C10986 | 05/08/2018 | 1 | 10/18/2013 | Books | |||||||
| Library of Congress Classification | Archives | Archives | 01/15/2014 | Donation | HF 5387.5.P6 .M39 2007 | C10352 | 05/08/2018 | 4 | 01/15/2014 | Books | |||||||
| Library of Congress Classification | College Library | College Library | Filipiniana Section | 12/04/2013 | Donation | 2 | HF 5387.5.P6 .M39 2007 | C10350 | 05/08/2018 | 2 | 12/04/2013 | Books | 12 | 11/26/2014 | |||
| Library of Congress Classification | College Library | College Library | Filipiniana Section | 12/04/2013 | Donation | 3 | HF 5387.5.P6 .M39 2007 | C10351 | 05/08/2018 | 3 | 12/04/2013 | Books | 8 | 07/31/2014 |